Marseille und die Provence: eine literarische Einladung

Gespeichert in:
Bibliographische Detailangaben
Weitere Verfasser: Winkler, Daniel (HerausgeberIn)
Dokumenttyp: Buch/Monographie
Sprache:Deutsch
Veröffentlicht: Berlin Verlag Klaus Wagenbach 2025
Ausgabe:2. Auflage
Schriftenreihe:Salto 194
In: Salto (194)

Online-Zugang: Volltext
Verfasserangaben:herausgegeben von Daniel Winkler

MARC

LEADER 00000cam a2200000 c 4500
001 1947618016
003 DE-627
005 20251230062608.0
007 tu
008 251229s2025 gw ||||| 00| ||ger c
020 |a 9783803112934  |9 978-3-8031-1293-4 
035 |a (DE-627)1947618016 
035 |a (DE-599)KXP1947618016 
035 |a (OCoLC)1564941403 
040 |a DE-627  |b ger  |c DE-627  |e rda 
041 |a ger 
044 |c XA-DE-BE 
082 0 4 |a 840  |a B 
082 0 4 |a 910 
084 |a 55  |2 sdnb 
084 |a 55  |2 sdnb 
084 |a IH 2482  |2 rvk  |0 (DE-625)rvk/56554: 
084 |a IE 3750  |2 rvk  |0 (DE-625)rvk/55052: 
084 |a 17.98  |2 bkl 
084 |a 18.23  |2 bkl 
245 0 0 |a Marseille und die Provence  |b eine literarische Einladung  |c herausgegeben von Daniel Winkler 
250 |a 2. Auflage 
264 1 |a Berlin  |b Verlag Klaus Wagenbach  |c 2025 
300 |a 141 Seiten  |b Illustrationen 
336 |a Text  |b txt  |2 rdacontent 
337 |a ohne Hilfsmittel zu benutzen  |b n  |2 rdamedia 
338 |a Band  |b nc  |2 rdacarrier 
490 1 |a Salto  |v 194 
700 1 |a Winkler, Daniel  |d 1973-  |e HerausgeberIn  |0 (DE-588)1033762458  |0 (DE-627)742481603  |0 (DE-576)38142345X  |4 edt 
830 0 |a Salto  |v 194  |9 194  |w (DE-627)357870468  |w (DE-576)013599275  |w (DE-600)1129804-2  |x 2511-252X  |7 am 
936 r v |a IH 2482  |b Thematische Sammlungen  |k Romanistik  |k Französische Literatur im 20. und 21. Jahrhundert  |k Französische Literatur im 20. Jahrhundert  |k Literaturgeschichte  |k Textsammlungen  |k Thematische Sammlungen  |0 (DE-627)1271104490  |0 (DE-625)rvk/56554:  |0 (DE-576)201104490 
936 r v |a IE 3750  |b Thematische Sammlungen  |k Romanistik  |k Französische Literatur i.A. und Französische Literatur im Mittelalter  |k Französische Literatur  |k Literaturgeschichte  |k Textsammlungen  |k Thematische Sammlungen  |0 (DE-627)1271069814  |0 (DE-625)rvk/55052:  |0 (DE-576)201069814 
936 b k |a 17.98  |j Textsammlungen  |0 (DE-627)106404547 
936 b k |a 18.23  |j Französische Literatur  |0 (DE-627)106405411 
951 |a BO 
992 |a 20260323 
993 |a Book 
994 |a 2025 
998 |g 1033762458  |a Winkler, Daniel  |m 1033762458:Winkler, Daniel  |d 90000  |d 90300  |e 90000PW1033762458  |e 90300PW1033762458  |k 0/90000/  |k 1/90000/90300/  |p 1  |x j  |y j 
999 |a KXP-PPN1947618016  |e 494099144X 
BIB |a Y 
JSO |a {"origin":[{"publisher":"Verlag Klaus Wagenbach","edition":"2. Auflage","dateIssuedDisp":"2025","publisherPlace":"Berlin","dateIssuedKey":"2025","editionNo":"2"}],"physDesc":[{"extent":"141 Seiten","noteIll":"Illustrationen"}],"id":{"eki":["1947618016"],"isbn":["9783803112934"]},"recId":"1947618016","person":[{"given":"Daniel","role":"edt","display":"Winkler, Daniel","family":"Winkler"}],"type":{"bibl":"edited-book"},"name":{"displayForm":["herausgegeben von Daniel Winkler"]},"title":[{"title":"Marseille und die Provence","title_sort":"Marseille und die Provence","subtitle":"eine literarische Einladung"}],"relMultPart":[{"type":{"bibl":"serial"},"pubHistory":["1.1987 -"],"disp":"Salto","language":["ger"],"title":[{"title":"Salto","title_sort":"Salto"}],"part":{"number":["194"],"number_sort":["194"]},"dispAlt":"Salto","id":{"zdb":["1129804-2"],"eki":["357870468"],"issn":["2511-252X"]},"origin":[{"publisher":"Verlag Klaus Wagenbach","dateIssuedDisp":"1987-","publisherPlace":"Berlin","dateIssuedKey":"1987"}],"recId":"357870468"}],"language":["ger"]} 
SRT |a MARSEILLEU2025